A vendégelégedettségi vizsgálatok hatása a Hilton Budapest City eredményességére

Bibliográfiai részletek
Szerző: Hyross László Ferenc
További közreműködők: Rudolfné Katona Dr. Mária
Dokumentumtípus: Diplomadolgozat
Kulcsszavak:Vendégelégedettség-mérés
Eredményesség
Kölcsönhatások
5 csillagos szállodák
Hilton Budapest City
Online Access:http://dolgozattar.uni-bge.hu/14946

MARC

LEADER 00000nta a2200000 i 4500
001 dolg14946
005 20180830143708.0
008 180504suuuu hu om 000 hun d
040 |a BGE Dolgozattár Repozitórium  |b hun 
041 |a hu 
100 1 |a Hyross László Ferenc 
245 1 2 |a A vendégelégedettségi vizsgálatok hatása a Hilton Budapest City eredményességére  |c Hyross László Ferenc  |h [elektronikus dokumentum] 
246 1 1 |a A vendégelégedettségi vizsgálatok hatása a Hilton Budapest City eredményességére 
695 |a Vendégelégedettség-mérés 
695 |a Eredményesség 
695 |a Kölcsönhatások 
695 |a 5 csillagos szállodák 
695 |a Hilton Budapest City 
700 1 |a Rudolfné Katona Dr. Mária  |e ths 
856 4 0 |u http://dolgozattar.uni-bge.hu/14946/1/Hyross%20L%C3%A1szl%C3%B3%20-%20Szakdolgozat%20-%20QJJKNS.pdf  |z Dokumentum-elérés